[Event "Ruhrgebiet Verbandsklasse Gruppe 2 1617"]
[Site "Germany"]
[Date "2017.03.12"]
[Round "8.4"]
[White "Mecklenburg, Roland"]
[Black "Bensch, Arnold Heinrich"]
[Result "1/2-1/2"]
[WhiteElo "1997"]
[BlackElo "1822"]
[PlyCount "34"]
[EventDate "2016.09.04"]
[EventType "team-tourn"]
[EventRounds "9"]
[EventCountry "GER"]
[SourceTitle "EXT 2022"]
[Source "ChessBase"]
[SourceDate "2021.10.06"]
[SourceVersion "1"]
[SourceVersionDate "2021.10.06"]
[SourceQuality "1"]
[WhiteTeam "Recklinghausen Sued"]
[BlackTeam "Osterfeld Schwarze Dame"]
[WhiteTeamCountry "GER"]
[BlackTeamCountry "GER"]

1. d4 d5 2. Nf3 Nf6 3. c4 c6 4. e3 g6 5. Nc3 Bg4 6. Qb3 Qb6 7. Ne5 Be6 8. Qc2 Nbd7 9. cxd5 cxd5 10. Bb5 a6 11. Bxd7+ Bxd7 12. Nxd7 Kxd7 13. 0-0 Qc6 14. Qb3 e6 15. Bd2 b5 16. Rac1 Qb7 17. f3 Be7 1/2-1/2

[Event "Ruhrgebiet Verbandsklasse Gruppe 2 1617"]
[Site "Germany"]
[Date "2016.12.18"]
[Round "5.4"]
[White "Hinkmann, Jens"]
[Black "Bensch, Arnold Heinrich"]
[Result "1-0"]
[WhiteElo "2002"]
[BlackElo "1827"]
[PlyCount "45"]
[EventDate "2016.09.04"]
[EventType "team-tourn"]
[EventRounds "9"]
[EventCountry "GER"]
[SourceTitle "EXT 2022"]
[Source "ChessBase"]
[SourceDate "2021.10.06"]
[SourceVersion "1"]
[SourceVersionDate "2021.10.06"]
[SourceQuality "1"]
[WhiteTeam "Bochum SV II"]
[BlackTeam "Osterfeld Schwarze Dame"]
[WhiteTeamCountry "GER"]
[BlackTeamCountry "GER"]

1. e4 c5 2. Nc3 e6 3. g3 a6 4. Bg2 Qc7 5. d3 b5 6. a3 Bb7 7. Nge2 d6 8. 0-0 Nd7 9. f4 f5 10. exf5 exf5 11. Nd5 Qc8 12. Re1 Kf7 13. Nec3 g6 14. Qe2 h5 15. b4 Rb8 16. Qe6+ Kg7 17. Bb2 Ndf6 18. Qxc8 Bxc8 19. Nxf6 Nxf6 20. Nd5 Kf7 21. Nxf6 Bg7 22. Bd5+ Kf8 23. Re8# 1-0

[Event "Ruhrgebiet Verbandsklasse Gruppe 2 1617"]
[Site "Germany"]
[Date "2016.09.25"]
[Round "2.4"]
[White "Bensch, Arnold Heinrich"]
[Black "Hartung, Thomas"]
[Result "0-1"]
[WhiteElo "1827"]
[BlackElo "1944"]
[PlyCount "58"]
[EventDate "2016.09.04"]
[EventType "team-tourn"]
[EventRounds "9"]
[EventCountry "GER"]
[SourceTitle "EXT 2022"]
[Source "ChessBase"]
[SourceDate "2021.10.06"]
[SourceVersion "1"]
[SourceVersionDate "2021.10.06"]
[SourceQuality "1"]
[WhiteTeam "Osterfeld Schwarze Dame"]
[BlackTeam "Annen Sport Union"]
[WhiteTeamCountry "GER"]
[BlackTeamCountry "GER"]

1. e4 e5 2. Nf3 Nc6 3. Bb5 a6 4. Ba4 Nf6 5. 0-0 Nxe4 6. Re1 Nc5 7. Nxe5 Be7 8. Nxc6 dxc6 9. Bb3 0-0 10. Bc4 b5 11. Bf1 Bb7 12. d3 Bd6 13. Qg4 Ne6 14. Be3 f5 15. Qh3 Qf6 16. c3 c5 17. Bc1 Rae8 18. Re2 f4 19. f3 Ng5 20. Qh5 g6 21. Qh6 Rxe2 22. Bxe2 Re8 23. Bf1 Bf8 24. Qxg5 Qxg5 25. Nd2 h5 26. a4 b4 27. cxb4 cxb4 28. d4 Qh4 29. Nb3 Bd5 0-1

[Event "Ruhrgebiet Verbandsklasse Gruppe 3 1415"]
[Site "Germany"]
[Date "2015.03.29"]
[Round "8.6"]
[White "Rath, Michael"]
[Black "Bensch, Arnold Heinrich"]
[Result "0-1"]
[WhiteElo "1714"]
[BlackElo "1804"]
[PlyCount "86"]
[EventDate "2014.09.21"]
[EventType "team-tourn"]
[EventRounds "9"]
[EventCountry "GER"]
[SourceTitle "EXT 2022"]
[Source "ChessBase"]
[SourceDate "2021.10.06"]
[SourceVersion "1"]
[SourceVersionDate "2021.10.06"]
[SourceQuality "1"]
[WhiteTeam "Haltern"]
[BlackTeam "Osterfeld Schwarze Dame"]
[WhiteTeamCountry "GER"]
[BlackTeamCountry "GER"]

1. d4 d6 2. c4 g6 3. Nf3 Bg7 4. Nc3 Nd7 5. Bf4 c5 6. e3 Ngf6 7. Be2 0-0 8. h3 a6 9. 0-0 b6 10. Qc2 Bb7 11. d5 b5 12. Rad1 bxc4 13. e4 Nb6 14. Nd2 Nfd7 15. Bg3 Rb8 16. Nxc4 Nxc4 17. Bxc4 Nb6 18. Be2 Bc8 19. f4 Nd7 20. Bg4 Qb6 21. Na4 Qb4 22. Be1 Qb7 23. b3 Nb6 24. Bxc8 Rfxc8 25. Nxb6 Qxb6 26. Qc4 Qb5 27. Bh4 Qxc4 28. bxc4 Rb7 29. Rde1 Bd4+ 30. Bf2 Rb2 31. Bxd4 cxd4 32. Rf2 Rb4 33. Rd2 Rcxc4 34. e5 Rb5 35. exd6 exd6 36. Re8+ Kg7 37. Kf2 Rxd5 38. Kf3 Ra5 39. Rb2 Rc3+ 40. Kf2 d3 41. Ke3 Rc2 42. Rbb8 d2 43. g4 d1Q 0-1

[Event "Ruhrgebiet Verbandsklasse Gruppe 3 1415"]
[Site "Germany"]
[Date "2014.12.14"]
[Round "4"]
[White "Thiemann, Sebastian"]
[Black "Bensch, Arnold Heinrich"]
[Result "1-0"]
[WhiteElo "1816"]
[BlackElo "1775"]
[PlyCount "115"]
[EventDate "2014.09.21"]
[EventType "team-tourn"]
[EventRounds "9"]
[EventCountry "GER"]
[SourceTitle "EXT 2022"]
[Source "ChessBase"]
[SourceDate "2021.10.06"]
[SourceVersion "1"]
[SourceVersionDate "2021.10.06"]
[SourceQuality "1"]
[WhiteTeam "Wanne-Eickel SV Unser Fritz"]
[BlackTeam "Osterfeld Schwarze Dame"]
[WhiteTeamCountry "GER"]
[BlackTeamCountry "GER"]

1. e4 c5 2. Nf3 e6 3. d4 cxd4 4. Nxd4 a6 5. c4 d6 6. Nc3 Bd7 7. Be3 Nf6 8. Be2 h5 9. f3 Nc6 10. 0-0 Rc8 11. Qd2 Be7 12. Rac1 Ne5 13. b3 Qc7 14. Rfd1 Qb8 15. Qe1 h4 16. Nc2 b5 17. cxb5 axb5 18. Nd4 b4 19. Ncb5 d5 20. Rxc8+ Bxc8 21. Bd2 dxe4 22. Bxb4 exf3 23. gxf3 Nd5 24. Bxe7 Nxe7 25. Qb4 Nd7 26. Nd6+ Kf8 27. Nxe6+ fxe6 28. Qxb8 Nxb8 29. Nxc8 Kf7 30. Nxe7 Kxe7 31. Bb5 Rh5 32. a4 Rc5 33. Rd3 Rc2 34. h3 g5 35. a5 Nc6 36. Bxc6 Rxc6 37. b4 Rc1+ 38. Kg2 Rc2+ 39. Kg1 Rb2 40. a6 Rxb4 41. Ra3 Rb8 42. a7 Ra8 43. Kf2 Kf6 44. Ke3 Kf5 45. Ra4 Ke5 46. Ra5+ Kf6 47. Ke4 Kf7 48. Ke5 Ke7 49. Ra6 Kf7 50. Kd6 Kf6 51. Kc7 Kf5 52. Ra4 Rxa7+ 53. Rxa7 Kf4 54. Kd6 e5 55. Rf7+ Kg3 56. Kxe5 Kxh3 57. Kf5 Kg2 58. Kxg5 1-0

[Event "NRW Verbandsliga Group2 1314"]
[Site "Nordrheinwestfalen"]
[Date "2014.02.16"]
[Round "7"]
[White "Canzler, Harald"]
[Black "Bensch, Arnold Heinrich"]
[Result "0-1"]
[WhiteElo "1991"]
[BlackElo "1766"]
[PlyCount "64"]
[EventDate "2013.09.08"]
[EventType "team-tourn"]
[EventRounds "9"]
[EventCountry "GER"]
[SourceTitle "EXT 2020"]
[Source "ChessBase"]
[SourceDate "2019.10.17"]
[SourceVersion "1"]
[SourceVersionDate "2019.10.17"]
[SourceQuality "1"]
[WhiteTeam "Dortmund SV"]
[BlackTeam "Osterfeld Schwarze Dame"]
[WhiteTeamCountry "GER"]
[BlackTeamCountry "GER"]

1. g3 e5 2. Bg2 Nf6 3. d3 d6 4. Nf3 Be7 5. c4 Nc6 6. Nc3 h6 7. 0-0 0-0 8. Nd5 Be6 9. Nxe7+ Qxe7 10. b3 Qd7 11. Re1 Bh3 12. Bh1 Ng4 13. e3 Qf5 14. Qe2 Rae8 15. Bb2 Qh5 16. Bg2 g5 17. Qf1 Bxg2 18. Qxg2 f5 19. Nd2 Nb4 20. f3 Nf6 21. Re2 Nxd3 22. Bc3 Qg6 23. Rd1 e4 24. fxe4 Nxe4 25. Nxe4 fxe4 26. Rf1 Rxf1+ 27. Qxf1 Rf8 28. Qh3 g4 29. Qg2 Rf3 30. Bd4 c5 31. Bc3 Qf5 32. Bd2 Qe5 0-1

[Event "Ruhrgebiet VK3 1213"]
[Site "Nordrheinwestfalen"]
[Date "2013.01.13"]
[Round "5"]
[White "Spenk, Willi"]
[Black "Bensch, Arnold Heinrich"]
[Result "1/2-1/2"]
[WhiteElo "1572"]
[BlackElo "1773"]
[PlyCount "46"]
[EventDate "2012.09.02"]
[EventType "team-tourn"]
[EventRounds "9"]
[EventCountry "GER"]
[SourceTitle "EXT 2020"]
[Source "ChessBase"]
[SourceDate "2019.10.17"]
[SourceVersion "1"]
[SourceVersionDate "2019.10.17"]
[SourceQuality "1"]
[WhiteTeam "Essen Ueberruhr"]
[BlackTeam "Osterfeld Schwarze Dame"]
[WhiteTeamCountry "GER"]
[BlackTeamCountry "GER"]

1. e4 c5 2. Nf3 d6 3. d4 cxd4 4. Qxd4 Bd7 5. Nc3 Nc6 6. Qe3 Nf6 7. Bb5 g6 8. Bd2 Bg7 9. h3 0-0 10. a3 a6 11. Bd3 b5 12. 0-0 e6 13. Rad1 Qc7 14. Qf4 Nh5 15. Qh2 Ne5 16. Be2 Bc6 17. Nxe5 Bxe5 18. f4 Bd4+ 19. Kh1 Ng7 20. Bf3 Rad8 21. Be1 Bf6 22. Bg3 Be7 23. h4 h5 1/2-1/2

[Event "Ruhrgebiet VK3 1213"]
[Site "Nordrheinwestfalen"]
[Date "2012.10.28"]
[Round "3.7"]
[White "Bensch, Arnold Heinrich"]
[Black "Brandhorst, Dieter"]
[Result "1-0"]
[WhiteElo "1773"]
[BlackElo "1856"]
[PlyCount "59"]
[EventDate "2012.09.02"]
[EventType "team-tourn"]
[EventRounds "9"]
[EventCountry "GER"]
[SourceTitle "EXT 2020"]
[Source "ChessBase"]
[SourceDate "2019.10.17"]
[SourceVersion "1"]
[SourceVersionDate "2019.10.17"]
[SourceQuality "1"]
[WhiteTeam "Osterfeld Schwarze Dame"]
[BlackTeam "Wacker Bergeborbeck"]
[WhiteTeamCountry "GER"]
[BlackTeamCountry "GER"]

1. c4 e5 2. Nc3 g6 3. e4 Bg7 4. Nf3 Nc6 5. d3 Nge7 6. Bg5 h6 7. Be3 0-0 8. d4 d6 9. d5 Nb8 10. Qc1 Kh7 11. Nd2 f5 12. f3 fxe4 13. fxe4 Nd7 14. Be2 Nf6 15. Qd1 Bd7 16. 0-0 a6 17. Rc1 g5 18. Nf3 Ng6 19. g3 Bh3 20. Rf2 Ng4 21. Nxg5+ hxg5 22. Bxg4 Nf4 23. gxf4 Bxg4 24. Qxg4 exf4 25. Qh5+ Kg8 26. Bd2 Bd4 27. Qg6+ Kh8 28. Ne2 Bxf2+ 29. Kxf2 Qf6 30. Bc3 1-0

[Event "Ruhrgebiet VK3 1112"]
[Site "Nordrheinwestfalen"]
[Date "2012.01.08"]
[Round "5.5"]
[White "Bensch, Arnold Heinrich"]
[Black "Lauer, Boris"]
[Result "1/2-1/2"]
[WhiteElo "1765"]
[BlackElo "1829"]
[PlyCount "58"]
[EventDate "2012.09.18"]
[EventType "team-tourn"]
[EventRounds "9"]
[EventCountry "GER"]
[SourceTitle "EXT 2020"]
[Source "ChessBase"]
[SourceDate "2019.10.17"]
[SourceVersion "1"]
[SourceVersionDate "2019.10.17"]
[SourceQuality "1"]
[WhiteTeam "Osterfeld Schwarze Dame"]
[BlackTeam "Sport Union Annen"]
[WhiteTeamCountry "GER"]
[BlackTeamCountry "GER"]

1. c4 e5 2. Nc3 Nf6 3. g3 g6 4. Bg2 Bg7 5. e3 0-0 6. Nge2 c6 7. d4 exd4 8. Nxd4 d6 9. 0-0 Nbd7 10. Qc2 Nb6 11. b3 d5 12. cxd5 Nfxd5 13. Nde2 Nxc3 14. Nxc3 Be6 15. Ba3 Re8 16. Rad1 Qg5 17. f4 Qh5 18. Bb2 Rad8 19. e4 Qc5+ 20. Kh1 Bg4 21. Rd3 Rxd3 22. Qxd3 Qe7 23. h3 Rd8 24. Qe3 Bd4 25. Qc1 Bc8 26. Ba3 Bc5 27. Bb2 Bd4 28. Ba3 Bc5 29. Bb2 Bd4 1/2-1/2

[Event "Ruhrgebiet VL1 0910"]
[Site "Germany"]
[Date "2010.02.07"]
[Round "6.5"]
[White "Pustelny Conrad, Dieter"]
[Black "Bensch, Arnold Heinrich"]
[Result "0-1"]
[WhiteElo "1966"]
[BlackElo "1757"]
[PlyCount "84"]
[EventDate "2009.09.06"]
[EventType "team-tourn"]
[EventRounds "9"]
[EventCountry "GER"]
[SourceTitle "EXT 2011"]
[Source "ChessBase"]
[SourceDate "2010.11.26"]
[SourceVersion "1"]
[SourceVersionDate "2010.11.26"]
[SourceQuality "1"]
[WhiteTeam "Wattenscheid IV"]
[BlackTeam "Osterfeld"]
[WhiteTeamCountry "GER"]
[BlackTeamCountry "GER"]

1. e4 c5 2. Nf3 e6 3. d4 cxd4 4. Nxd4 a6 5. Be3 Nf6 6. Bd3 Qc7 7. c4 Be7 8. Nc3 d6 9. 0-0 Nbd7 10. Rc1 b6 11. f3 Bb7 12. Qd2 Rc8 13. Rfe1 Qb8 14. Bf1 h6 15. Qf2 g5 16. Kh1 g4 17. Nb3 gxf3 18. gxf3 Bd8 19. Nd2 Kf8 20. Bg2 Ne5 21. Qe2 h5 22. Na4 Bc6 23. Nc3 h4 24. Bh3 Bd7 25. Rg1 Nh5 26. Bg4 Ng3+ 27. Rxg3 hxg3 28. h3 f5 29. Rf1 fxg4 30. fxg4+ Kg8 31. Bd4 Rxh3+ 32. Kg1 Be7 33. Bxe5 dxe5 34. Qd3 Bc6 35. Nd5 exd5 36. exd5 Be8 37. Qf5 Qc7 38. Ne4 Qd7 39. Qxe5 Rxc4 40. Nf6+ Bxf6 41. Qxf6 Qf7 42. Qd8 Rh1+ 0-1

[Event "Ruhrgebiet VL1 0910"]
[Site "Germany"]
[Date "2009.09.27"]
[Round "2.5"]
[White "Jungbluth, Rolf"]
[Black "Bensch, Arnold Heinrich"]
[Result "0-1"]
[WhiteElo "2159"]
[BlackElo "1757"]
[PlyCount "80"]
[EventDate "2009.09.06"]
[EventType "team-tourn"]
[EventRounds "9"]
[EventCountry "GER"]
[SourceTitle "EXT 2011"]
[Source "ChessBase"]
[SourceDate "2010.11.26"]
[SourceVersion "1"]
[SourceVersionDate "2010.11.26"]
[SourceQuality "1"]
[WhiteTeam "Laeufer Ost"]
[BlackTeam "Osterfeld"]
[WhiteTeamCountry "GER"]
[BlackTeamCountry "GER"]

1. c4 e5 2. Nc3 Nc6 3. g3 Bc5 4. Bg2 a6 5. e3 d6 6. a3 Nf6 7. Nge2 h5 8. d4 Ba7 9. d5 Ne7 10. h3 Ng6 11. Qd3 Bd7 12. e4 Nh7 13. Be3 Bxe3 14. Qxe3 h4 15. f4 hxg3 16. f5 Nh4 17. Qxg3 Qg5 18. Kf2 Nxg2 19. Kxg2 Qxg3+ 20. Nxg3 Nf6 21. b4 b6 22. a4 a5 23. Nb5 Kd8 24. Rhb1 axb4 25. Rxb4 Bxb5 26. Rxb5 Rh4 27. a5 bxa5 28. Rbxa5 Rxa5 29. Rxa5 Nxe4 30. Ne2 Nf6 31. c5 dxc5 32. Rxc5 Nd7 33. Ra5 Nb6 34. Rb5 Kd7 35. d6 Kxd6 36. Ng3 Rf4 37. Rb3 Nd5 38. Ra3 c6 39. Ra7 Ne7 40. h4 Nxf5 0-1

[Event "Ruhrgebiet VL1 0910"]
[Site "Germany"]
[Date "2009.09.06"]
[Round "1.5"]
[White "Bensch, Arnold Heinrich"]
[Black "Limberg, Matthias"]
[Result "0-1"]
[WhiteElo "1757"]
[BlackElo "2215"]
[PlyCount "98"]
[EventDate "2009.09.06"]
[EventType "team-tourn"]
[EventRounds "9"]
[EventCountry "GER"]
[SourceTitle "EXT 2011"]
[Source "ChessBase"]
[SourceDate "2010.11.26"]
[SourceVersion "1"]
[SourceVersionDate "2010.11.26"]
[SourceQuality "1"]
[WhiteTeam "Osterfeld"]
[BlackTeam "Horst Emscher"]
[WhiteTeamCountry "GER"]
[BlackTeamCountry "GER"]

1. d4 d5 2. c4 c6 3. Nc3 Nf6 4. Nf3 Qb6 5. c5 Qc7 6. g3 Bf5 7. Bf4 Qc8 8. Qb3 Nbd7 9. Nh4 Bg4 10. h3 Bh5 11. g4 Bg6 12. Bg2 e6 13. Nxg6 hxg6 14. Qc2 b6 15. cxb6 axb6 16. Rc1 Qa6 17. 0-0 Be7 18. a3 0-0 19. e3 Rfc8 20. Rfe1 c5 21. Qd2 cxd4 22. exd4 Bf8 23. Bf1 Qb7 24. f3 Nb8 25. Nb5 Nc6 26. Bd6 Ne8 27. Bxf8 Kxf8 28. Qf4 Kg8 29. Rc3 Na5 30. Rec1 Rxc3 31. Rxc3 Rc8 32. Qc1 Rxc3 33. Qxc3 Nc6 34. Kf2 g5 35. Bd3 Ne7 36. Qd2 f6 37. Qc3 Kf7 38. Qb4 Qb8 39. Kg2 Qf4 40. Qc3 f5 41. Bb1 Ng6 42. Qd3 Nf6 43. Nc3 Nh4+ 44. Kf2 fxg4 45. Ne2 Qh2+ 46. Ke1 gxf3 47. Nc3 Qxb2 48. Nb5 Ne4 49. Kd1 Nf2+ 0-1

[Event "Duesseldorf Nord Cup 9th GrH"]
[Site "Duesseldorf"]
[Date "2009.08.16"]
[Round "5.2"]
[White "Bensch, Arnold Heinrich"]
[Black "Bigott, Martin"]
[Result "1/2-1/2"]
[WhiteElo "1757"]
[BlackElo "1898"]
[PlyCount "52"]
[EventDate "2009.08.14"]
[EventType "tourn"]
[EventRounds "5"]
[EventCountry "GER"]
[SourceTitle "EXT 2017"]
[Source "ChessBase"]
[SourceDate "2016.10.25"]
[SourceVersion "1"]
[SourceVersionDate "2016.10.25"]
[SourceQuality "1"]

1. b3 Nf6 2. Bb2 d5 3. e3 Bf5 4. f4 e6 5. Nf3 Nbd7 6. Be2 h6 7. 0-0 c6 8. a3 Qc7 9. Nc3 Bd6 10. b4 a6 11. Nh4 Bh7 12. g3 Rg8 13. Rc1 0-0-0 14. Bd3 g5 15. Bxh7 Nxh7 16. Ng2 f5 17. Ne2 h5 18. c4 h4 19. cxd5 exd5 20. Nd4 hxg3 21. Ne6 gxh2+ 22. Kh1 Qb8 23. Nxd8 Kxd8 24. fxg5 Nxg5 25. Rxf5 Ne4 26. Rf3 Ng3+ 1/2-1/2

[Event "Ruhrgebiet VL1 0304"]
[Site "Ruhrgebiet"]
[Date "2003.11.09"]
[Round "3.8"]
[White "Leimkuehler, Dirk"]
[Black "Bensch, Arnold Heinrich"]
[Result "1-0"]
[WhiteElo "1876"]
[BlackElo "1737"]
[PlyCount "65"]
[EventDate "2003.09.28"]
[EventType "team"]
[EventRounds "9"]
[EventCountry "GER"]
[SourceTitle "EXT 2007"]
[Source "ChessBase"]
[SourceDate "2006.11.23"]
[SourceVersion "1"]
[SourceVersionDate "2006.11.23"]
[SourceQuality "1"]
[WhiteTeam "Welper SV"]
[BlackTeam "Osterfeld"]
[WhiteTeamCountry "GER"]
[BlackTeamCountry "GER"]

1. e4 d5 2. exd5 Qxd5 3. Nc3 Qa5 4. d4 c6 5. Nf3 Nf6 6. Bd2 Qc7 7. Bd3 Bg4 8. h3 Bh5 9. g4 Bg6 10. Ne5 e6 11. Qf3 Bd6 12. Nc4 Be7 13. 0-0-0 Bxd3 14. Qxd3 Nbd7 15. Rhe1 0-0-0 16. Qf3 Rdf8 17. Bf4 Qd8 18. Nd6+ Bxd6 19. Bxd6 Nb6 20. Bxf8 Rxf8 21. Ne4 Ne8 22. Qa3 Nc7 23. Nd6+ Kb8 24. c4 Nd7 25. Rd3 Qg5+ 26. Kb1 Qg6 27. Ka1 a6 28. Rb3 b5 29. cxb5 cxb5 30. Rc1 Qg5 31. Rbc3 Nb6 32. Rxc7 Nc4 33. Rb7+ 1-0